| LEADER |
01217nam0a2200265 450 |
| 001 |
16835587 |
| 010 |
|
|
|a 978-2-8095-1537-4
|b br.
|d 23
|
| 100 |
|
|
|a 20200901d2026 u u0frey01 ba
|
| 101 |
0 |
|
|a fre
|
| 102 |
|
|
|a FR
|
| 200 |
0 |
|
|a Préparer et bien vivre sa retraite
|f ouvrage collectif
|g avec la collaboration de Anna Dubreuil, Agnès Chambraud
|
| 205 |
|
|
|a [Ed.] 2021
|
| 207 |
|
1 |
|a
|
| 210 |
|
|
|a Saint-Cloud
|c Prat éditions
|d impr. 2020
|
| 215 |
|
|
|a 1 vol. (IX-288 p.)
|d 20 cm
|
| 225 |
1 |
|
|a Les guides pratiques pour tous
|x 1272-4955
|
| 300 |
|
|
|a En appendice, liste d'adresses utiles
|
| 330 |
|
|
|a Un guide pratique et parfaitement à jour pour répondre à toutes vos questions : à quel âge pouvez-vous partir ? Quels seront vos futurs revenus ? Pouvez-vous cumuler emploi et retraite ? Comment financer votre logement ? A quelles aides avez-vous droit ? Comment transmettre votre patrimoine ? Comment profiter de votre nouveau temps libre ?
|
| 676 |
|
|
|a 344
|
| 676 |
|
|
|a 305
|
| 702 |
|
0 |
|a Dubreuil
|b Anna
|4 205
|
| 702 |
|
0 |
|a Chambraud
|b Agnès
|4 205
|
| 900 |
|
|
|a Documentaire
|
| 901 |
|
|
|a Accessible au prêt
|
| 995 |
|
|
|a Bibliothèque
|c Bibliothèque
|f 024021068
|h 024021068
|k 344 COL
|o p
|q a
|r az
|e Bibliothèque
|